Latin American dictators from the School of the Americas - Statistics

General Stats
  • This quiz has been taken 208 times
  • The average score is 2 of 9
Answer Stats
Country Years in power Answer % Correct
Panama 1983-1989 Manuel Noriega
89%
Argentina 1976-1981 Jorge Rafael Videla
37%
Argentina 1981-1982 Leopoldo Galtieri
25%
Bolivia 1971-1978 Hugo Banzer
14%
Guatemala 1982-1983 Efraín Ríos Montt
12%
Argentina 1981 Roberto Eduardo Viola
11%
Panama 1968-1981 Omar Torrijos
10%
Ecuador 1972-1976 Guillermo Rodríguez
3%
Peru 1968-1975 (Juan Velasco Alvarado)
2%
No matching quizzes found
Score Distribution
Percent of People with Each Score
Percentile by Number Answered
Your Score History
You have not taken this quiz